Normal view
MARC view
Entry Topical Term
001 - CONTROL NUMBER
- control field: 23165
003 - CONTROL NUMBER IDENTIFIER
- control field: OSt
005 - DATE AND TIME OF LATEST TRANSACTION
- control field: 20230208154048.0
008 - FIXED-LENGTH DATA ELEMENTS
- fixed length control field: 230208|| aca||aabn | a|a d
040 ## - CATALOGING SOURCE
- Original cataloging agency: OSt
- Transcribing agency: OSt
150 ## - HEADING--TOPICAL TERM
- Topical term or geographic name entry element: Fear
- Form subdivision: Fiction
- General subdivision: Manners and customs
670 ## - SOURCE DATA FOUND
- Source citation: Work cat.: (OSt)28197: Coelho, Paulo. 23163, The devil and miss prym/, 2001.